000 00558nam a2200217Ia 4500
005 20240709112225.0
008 131103s9999 xx 000 0 und d
020 _a713609729
040 _aLoreto College
041 _aEnglish
082 _a808.5
_bSAN
100 _aSansom, Clive
245 _aSpeech and communication in the primary school
_cClive Sansom
260 _aLondon
_bA & C Black
_c1965
300 _a238p.
504 _aIncludes index
650 _aSpeech & training
651 _aEnglish literature
850 _aLCBED
942 _cBK
999 _c29983
_d80462